Christmas Click Loop - Statistics

General Stats
  • This quiz has been taken 268 times
  • The average score is 11 of 29
Answer Stats
Hint Answer % Correct
Which is the 5th largest municipality in... Finland
73%
Whose largest Christmas market takes place in... Helsinki
65%
Who was in Notting Hill with... Julia Roberts
63%
Santa's official Lapland village is... Rovaniemi
62%
Which is the setting for... Love Actually
60%
Starring... Hugh Grant
58%
Starring... Ian McKellen
52%
Which hosted the December premier of... The Hobbit
48%
Whose capital is... Edinburgh
42%
Who sends a tree each year to... London
40%
Starring... Will Ferrell
40%
Where the Pōhutukawa (Christmas Tree) is paraded in... Wellington
38%
Which often has Christmas cruises to... New Zealand
36%
Whose Christmas market Stortorget takes place in... Stockholm
36%
Where Midnight Christmas beach concerts occur in... Sydney
34%
Where Christkindlesmarkt is hosted in... Nuremberg
32%
Which is the founding city of... ABBA
31%
Whose festive tradition called 'Julebad' takes place in... Oslo
30%
Whose Christmas specials were broadcast to millions in... Australia
29%
Where companies run winter flights to... Lapland
29%
Where the carol 'Silent Night' originated in... Salzburg
29%
Which is the location of... Elf
28%
Which has a Christmas market inspired by... Germany
25%
Which hosts Festival Of Lights, along with... Oulu
25%
Who filmed scenes of Eat Pray Love in... New York
24%
Whose grandmother was born in... Scotland
24%
Whose wife was born in... Sweden
22%
From where Reindeer herders travel to... Norway
20%
Whose gingerbread is sold in Christmas markets in... Austria
19%
No matching quizzes found
Score Distribution
Percent of People with Each Score
Percentile by Number Answered
Your Score History
You have not taken this quiz